UK top 80 most common birds - Statistics

General Stats
  • This quiz has been taken 25 times
  • The average score is 33 of 81
Answer Stats
First Letter Answer % Correct
B Blue Tit
95%
G Great Tit
85%
S Starling
85%
B Blackbird
80%
R Robin
80%
W Woodpidgeon
75%
C Chaffinch
70%
G Goldfinch
70%
G Greenfinch
70%
H House Sparrow
70%
M Magpie
70%
M Mallard
70%
S Song Thrush
70%
P Pheasant
65%
C Coal Tit
60%
K Kestrel
60%
L Long-Tailed Tit
60%
W Wren
60%
B Buzzard
55%
D Dunnock
55%
H Herring Gull
55%
J Jackdaw
55%
J Jay
55%
M Mistle Thrush
55%
S Sparrowhawk
55%
R Rook
50%
S Siskin
50%
S Skylark
50%
B Barn Owl
45%
B Bullfinch
45%
C Carrion Crow
45%
C Collared Dove
45%
C Coot
45%
G Grey Heron
45%
M Moorhen
45%
N Nuthatch
45%
R Redwing
45%
Y Yellowhammer
45%
B Black-headed Gull
40%
F Fieldfare
40%
G Goldcrest
40%
M Marsh Tit
40%
R Red Kite
40%
T Tawny Owl
40%
B Blackcap
35%
C Cormorant
35%
L Lesser Black-backed Gull
35%
L Linnet
35%
P Pied Wagtail
35%
S Stock Dove
35%
S Swallow
35%
T Tree Sparrow
35%
W Willow Tit
35%
C Chiffchaff
30%
G Great Spotted Woodpecker
30%
L Little Owl
30%
C Common Gull
25%
F Firecrest
25%
G Green Woodpecker
25%
H House Martin
25%
L Little Egret
25%
M Meadow Pipit
25%
S Swift
25%
T Treecreeper
25%
T Treecreeper
25%
W Willow Warbler
25%
L Lesser Spotted Woodpecker
20%
R Reed Bunting
20%
S Sand Martin
20%
R Ring-necked Parakeet
15%
B Brambling
10%
W White Wagtail
10%
C Canadian Goose
5%
E Egyptian Goose
5%
M Mandarin Duck
5%
R Ring Ouzel
5%
W Woodcock
5%
B Barn Swallow
0%
C Common Egret
0%
P Pied Flycatcher
0%
S Spotted Flycatcher
0%
No matching quizzes found
Score Distribution
Percent of People with Each Score
Percentile by Number Answered
Your Score History
You have not taken this quiz